000 01197nam a22003377a 4500
003 CHAP
005 20220329134209.0
008 971013s1976 r 00010 d
010 _a16819
011 _a17791
035 _a21875
040 _cCHAP
090 _aTesis
100 0 0 _aHuerta Flores, Rubén.
_956673
245 _aFertilización de girasol (Helianthus annus) bajo cuatro niveles nitrogenados y fosfatados en la hacienda "La Cáscara" municipio de Monte Morelos, N.L. en el año de 1973
260 _aMonterrey, N.L. :
_bEl Autor,
_c1976
300 _a32 h.
502 _aTesis (Ing. Agr.) -- Univ. Autónoma de Nuevo León. Fac. de Agronomía
590 _aALEPH
_b10
_c20130110
_lUCH01
_h1239
590 _aBATCH-UPD
_b10
_c20130110
_lUCH01
_h2012
590 _aBATCH-UPD
_b10
_c20130410
_lUCH01
_h1331
590 _aBATCH-UPD
_b10
_c20130914
_lUCH01
_h1403
590 _aCONVERSION
_b10
_c20130109
_lUCH01
_h1310
650 1 4 _aFertilizantes fosfatados.
_940592
650 1 4 _aFertilizantes nitrogenados.
_940596
650 1 4 _aFertilizantes
_xEfecto en girasol.
_940514
650 1 4 _aGirasol.
_948126
901 _aBK
942 _cTESIS
949 _bBC
_cTES
_d-50868
_eTS1
_i21875
_si
999 _c16819
_d16819